000 00742cam a22002533a 4500
001 10822
003 PGUSA
005 20140828083229.0
008 040101s2004||||xxu|||||s|||||000 1 eng d
040 _aPGUSA
_beng
042 _adc
050 4 _aPQ
100 1 _aBlasco Ibáñez, Vicente,
_d1867-1928
245 1 0 _aEl paraiso de las mujeres :
_bNovela
_h[electronic resource] /
_cVicente Blasco Ibáñez
260 _bProject Gutenberg,
_c2004
506 _aPublic domain in the USA.
516 _aElectronic text
653 _aSpanish fiction -- 20th century
653 _aEngineers -- Fiction
653 _aWomen -- Fiction
830 0 _aProject Gutenberg
_v10822
856 4 0 _uhttp://www.gutenberg.org/ebooks/10822
942 _cEB
999 _c240077
_d240077